Library of the University of Algiers 3
Ibrahim Sultan Cheibout
شعار جامعة الجزائر 3
مكتبة جامعة الجزائر 3
إبراهيم سلطان شيبوط

أصول التسويق : مدخل تحليلي : (رقم التسجيلة. 45157)

تفاصيل مارك
000 -LEADER
fixed length control field 01281nam a2200253Ia 4500
003 - CONTROL NUMBER IDENTIFIER
control field Ost
005 - DATE AND TIME OF LATEST TRANSACTION
control field 20260507075624.0
008 - FIXED-LENGTH DATA ELEMENTS--GENERAL INFORMATION
fixed length control field 260507s9999||||xx |||||||||||||| ||und||
020 ## - INTERNATIONAL STANDARD BOOK NUMBER
International Standard Book Number 9957112317
040 ## - CATALOGING SOURCE
Transcribing agency fsecg
041 ## - LANGUAGE CODE
Language code of text/sound track or separate title ara
082 ## - DEWEY DECIMAL CLASSIFICATION NUMBER
Classification number 658.8
100 ## - MAIN ENTRY--PERSONAL NAME
Personal name معلا، ناجي
Relator term مؤلف
245 #0 - TITLE STATEMENT
Title أصول التسويق : مدخل تحليلي :
Remainder of title مدخل تحليلي (محكم علميا ) /
Statement of responsibility, etc. ناجي معلا
250 ## - EDITION STATEMENT
Edition statement طبعة 3 (مزيدة ومنقحة)
260 ## - PUBLICATION, DISTRIBUTION, ETC.
Place of publication, distribution, etc. عمان:
Name of publisher, distributor, etc. دار وائل للنشر,
Date of publication, distribution, etc. 2005
300 ## - PHYSICAL DESCRIPTION
Extent 384 صفحة؛
Other physical details إيضاحات ؛
Dimensions 30 سم
504 ## - BIBLIOGRAPHY, ETC. NOTE
Bibliography, etc. note كشاف مصطلحات ص.371
520 ## - SUMMARY, ETC.
Summary, etc. مقدمة عامة في التسويق- البيئة التسويقية- السلوك الشرائي- بحوث التسويق وأنظمة المعلومات- تجزئة السوق والأسواق المستهدفة- المنتجات، أنواعها وخصائصها- التسعير وسياساته- قنوات التوزيع- مؤسسات التوزيع- الترويج وأساليبه- تطوير وإبتكار المنتجات الجديدة
653 ## - INDEX TERM--UNCONTROLLED
Uncontrolled term الإقتصاد القياسي
653 ## - INDEX TERM--UNCONTROLLED
Uncontrolled term التسويق
700 ## - ADDED ENTRY--PERSONAL NAME
Personal name رائف، توفيق
Relator term مؤلف ثانوي
942 ## - ADDED ENTRY ELEMENTS (KOHA)
Koha item type كتب
المقتنيات
Withdrawn status Lost status Source of classification or shelving scheme Damaged status Not for loan Home library Current library Date acquired Serial enumeration / chronology Inventory number Total checkouts Full call number Barcode Date last seen Price effective from Koha item type
    Dewey Decimal Classification   NOT LOAN / إعارة داخلية مكتبة كلية العلوم الإقتصادية والعلوم التجارية وعلوم التسيير مكتبة كلية العلوم الإقتصادية والعلوم التجارية وعلوم التسيير 07/05/2026 الطابق الأرضي 1337/1   أ/1337ن1 1337/1 07/05/2026 07/05/2026 كتب
    Dewey Decimal Classification   Available مكتبة كلية العلوم الإقتصادية والعلوم التجارية وعلوم التسيير مكتبة كلية العلوم الإقتصادية والعلوم التجارية وعلوم التسيير 07/05/2026 الطابق الثاني 1337/2   أ/1337ن2 1337/2 07/05/2026 07/05/2026 كتب

موارد الويب المفتوحة


© University of Algiers 3 All Rights Reserved
|
Implemented by LECHELAH Riad